Психологический словарь

Bibliografiske detaljer
Hovedforfatter: Варшава Б. Е. Борис Ефимович
Andre forfattere: Выготский Л. С. Лев Семенович
Summary:«Психологический словарь» вышел в свет в 1931 году. Авторы поставили перед собой задачу — заложить основы подлинно научной психологической терминологии, упорядочить и уточнить её, избавившись от смутности и произвольности житейского языка, а также от напластований разных эпох и мировоззрений. И хотя полноценно решить эту задачу не удалось, но сама попытка была чрезвычайно важна. Словарь является ярким отражением советской психологии тех времен, будет очень полезен для людей, изучающих историю психологии и культурно-историческое её направление, а также для всех интересующихся психологией.
Sprog:russisk
Udgivet: СПб., Тропа Троянова, 2008
Serier:Первые философские словари
Fag:
Format: MixedMaterials Bog
KOHA link:https://koha.lib.tpu.ru/cgi-bin/koha/opac-detail.pl?biblionumber=152875

MARC

LEADER 00000nam0a2200000 4500
001 152875
005 20231101221643.0
010 |a 9785897980642 
010 |a 978-5-902599-16-6 
035 |a (RuTPU)RU\TPU\book\165743 
090 |a 152875 
100 |a 20090205d2008 km y0rusy50 ca 
101 0 |a rus 
102 |a RU 
105 |a a e 001zy 
200 1 |a Психологический словарь  |f Б. Е. Варшава, Л. С. Выготский 
210 |a СПб.  |c Тропа Троянова  |c Роща Академии  |d 2008 
215 |a 256 с.  |c ил. 
225 1 |a Первые философские словари 
320 |a Сокращения и условные обозначения: с. 16. 
330 |a «Психологический словарь» вышел в свет в 1931 году. Авторы поставили перед собой задачу — заложить основы подлинно научной психологической терминологии, упорядочить и уточнить её, избавившись от смутности и произвольности житейского языка, а также от напластований разных эпох и мировоззрений. И хотя полноценно решить эту задачу не удалось, но сама попытка была чрезвычайно важна. Словарь является ярким отражением советской психологии тех времен, будет очень полезен для людей, изучающих историю психологии и культурно-историческое её направление, а также для всех интересующихся психологией. 
606 1 |a Психология  |2 stltpush  |3 (RuTPU)RU\TPU\subj\53124  |9 71474 
610 1 |a словари 
610 1 |a термины 
610 1 |a понятия 
610 1 |a психологи 
610 1 |a история 
686 |a Ю9я2  |v LBC/SL-A  |2 rubbk 
700 1 |a Варшава  |b Б. Е.  |g Борис Ефимович 
701 1 |a Выготский  |b Л. С.  |g Лев Семенович 
801 1 |a RU  |b 63413507  |c 20090205  |g PSBO 
801 2 |a RU  |b 63413507  |c 20150617  |g RCR 
942 |c BK 
959 |a 18/20090203  |d 2  |e 230,00  |f АНЛ:1  |f ЧЗГЛ:1